| 000 | 00640nam a2200229Ia 4500 | ||
|---|---|---|---|
| 003 | OSt | ||
| 005 | 20220928120816.0 | ||
| 006 | a|||||r|||| 00| 0 | ||
| 007 | ta | ||
| 008 | 220927b |||||||| |||| 00| 0 eng d | ||
| 024 | _a19314 | ||
| 037 | _cTextual | ||
| 040 |
_aSDCL _cSDCL _beng |
||
| 041 |
_2eng _aeng |
||
| 082 | _aG:424-55, P8 | ||
| 100 |
_aMohapatra Pradipta K _9451254 |
||
| 245 | 0 | _aTextbook of environmental microbiology | |
| 260 |
_aNew Delhi _bI K International Publishing House _c2008 |
||
| 300 |
_axii,533p _ccm. |
||
| 942 |
_hG:424-55, P8 _cTEXL _2CC |
||
| 999 |
_c765339 _d765339 |
||